Constitución de las Diputaciones Provinciales en España ó sea Teoría y práctica de las elecciones de diputados provinciales con arreglo á las leyes vigentes en setiembre de 1880 / (Record no. 155008)

MARC details
000 -LEADER
campo de control de longitud fija 00672nam a2200157 4500
001 - NÚMERO DE CONTROL
campo de control 155008
003 - IDENTIFICADOR DE NÚMERO DE CONTROL
campo de control ES-MaACL
005 - FECHA Y HORA DE LA ÚLTIMA TRANSACCIÓN
campo de control 20230906205929.0
008 - DATOS DE LONGITUD FIJA--INFORMACIÓN GENERAL
campo de control de longitud fija 950412s1880 sp |||| | spa d
040 ## - FUENTE DE CATALOGACIÓN
Centro catalogador/agencia de origen EUS
Lengua de catalogación spa
Centro/agencia transcriptor EUS
100 1# - ENTRADA PRINCIPAL--NOMBRE DE PERSONA
Nombre de persona Gutiérrez Jiménez, Rafael.
9 (RLIN) 127658
245 10 - MENCIÓN DEL TÍTULO
Título Constitución de las Diputaciones Provinciales en España ó sea Teoría y práctica de las elecciones de diputados provinciales con arreglo á las leyes vigentes en setiembre de 1880 /
Mención de responsabilidad, etc. por Rafael Gutierrez Jimenez.
260 ## - PUBLICACIÓN, DISTRIBUCIÓN, ETC.
Lugar de publicación, distribución, etc. Madrid :
Nombre del editor, distribuidor, etc. [s.n.],
Fecha de publicación, distribución, etc. 1880 (
Fabricante Imprenta de Manuel Minuesa de los Rios)
300 ## - DESCRIPCIÓN FÍSICA
Extensión XLII, 260 p. ;
Dimensiones 19 cm.
852 ## - LOCALIZACIÓN
Ubicación ES-MaACL
Número de control de estantería F-13393
Nota libre -- Enc. tela
Holdings
Estatus retirado Estado de pérdida Estado de daño No para préstamo Colección Biblioteca de origen Biblioteca actual Ubicación en estantería Fecha de adquisición Fuente de adquisición Total de préstamos Signatura topográfica completa Código de barras Visto por última vez Precio de reemplazo Tipo de ítem Koha
        Libros del s. XIX Biblioteca del Ateneo de Madrid Biblioteca del Ateneo de Madrid Sala Pecera Planta 2 17/01/2008     F-13393 1162146 23/02/2023 23/02/2023 Libro impreso antiguo